000 00507nam a2200181Ia 4500
008 230612s9999 xx 000 0 und d
041 _aeng
082 _a621.3815 COU
100 _aCoughlin R.F.
_9149564
245 _aOperational Amplifiers And Linear Integrated Circuits
250 _a4th ed.
260 _c1992
_bPrentice Hall Of India
300 _a502
365 _cRs.
_b95.00
700 _aCoughlin R.F. & Driscoll F.F.
906 _dB:44709-Sep-1993
_cETC
_b14.25
999 _c166622
_d166622